000 00430nam a2200169Ia 4500
008 230711s9999||||xx |||||||||||||| ||und||
020 _a978-93-89396-35-5
041 _aENG
082 _a641.3
_bDI-F
100 _aDickson, JK
245 0 _aFood BioChemistry
250 _a1st Ed.
260 _c2020
_aNew Delhi
_bCBS Publishers & Distributors Pvt.Ltd
300 _a601p.
650 _aFood Science and Technology
942 _cBK
999 _c7487
_d7487